000 00537nam a2200169 i 4500
001 102289
003 ES-MaACL
005 20230906183058.0
007 t|
008 051108s1914 mx ||||1| spa d
100 1 _aMenéndez Acebal, Baldomero.
_980296
245 1 3 _aLa Cruz Roja
_b: conferencia dada en la Escuela Nacional Preparatoria /
_cBaldomero Menéndez y Acebal.
260 _aMéxico :
_b[s.n.],
_c1914 (
_fTip. "El sobre azul")
300 _a15 p. ;
_c22 cm.
610 2 4 _aCruz Roja.
_93320
852 _aES-MaACL
_jT-1408-F-3
999 _c102289
_d102289